| 000 | 00946nam a22002417a 4500 | ||
|---|---|---|---|
| 999 |
_c8243 _d8243 |
||
| 003 | AR-CdUCM | ||
| 008 | 190322b ||||| |||| 00| 0 spa d | ||
| 040 |
_aMUNICIPALIDAD PROVINCIAL DEL CUSCO _cBIBLIOTECA MUNICIPAL DEL CUSCO |
||
| 082 |
_a620.104 / _bAN53 |
||
| 100 |
_aAnand, D. K. _923198 |
||
| 245 |
_aMecánica para ingenieros : _bDinamica / |
||
| 260 |
_aMexico : _bContinental, _c1976. |
||
| 300 |
_a303 paginas ; _bIlustraciones, cuadros, diagramas, formulas, _c30 cm. |
||
| 500 | _aTitulo original : Engineering mechanics - Dynamics | ||
| 505 | _aContenido : Leyes fundamentales y terminología -- Cinemática de la partícula -- Cinética de la partida -- Movimiento debido a fuerza central ... | ||
| 650 |
_aCinematica _93280 |
||
| 650 |
_aCuerpos rigidos _923199 |
||
| 650 |
_aDinamica _920090 |
||
| 650 |
_aIngeniería _910043 |
||
| 700 |
_aGarza Cardenas, Armando (Traductor) _923200 |
||
| 942 |
_2ddc _cLIBROS |
||
| 945 | _awnts | ||